Biologie pro zahraniční studenty : skripta pro posluchače studijních středisek ÚJOP UK /

Hlavní autor: Zahradník, Jiří, 1928-2020
Další autoři: Kufner, Josef, Chmelíček, Tomáš
Jazyk: Čeština
Vydáno: Praha : Karolinum, 1992
Vydání: 3. přeprac. vyd.
Témata:
Fyzický popis: 407 s.
Knihy
Uloženo v:
LEADER 00989nam a22002772a 4500
001 000277696
003 CZ BrMZK
005 20011120151007.0
008 980107s1992 xr f cze d
015 |a cnb000076569 
020 |z 80-7066-539-9 
035 |a (OCoLC)39578126 
040 |a BOA001  |b cze 
080 |a 57(075.8)-054.6  |2 MRF 
100 1 |a Zahradník, Jiří,  |d 1928-2020  |7 jk01151953 
245 1 0 |a Biologie pro zahraniční studenty :  |b skripta pro posluchače studijních středisek ÚJOP UK /  |c Jiří Zahradník, Josef Kufner, Tomáš Chmelíček 
250 |a 3. přeprac. vyd. 
260 |a Praha :  |b Karolinum,  |c 1992 
300 |a 407 s. 
653 0 |a biologie 
700 1 |a Kufner, Josef  |7 jk01070688 
700 1 |a Chmelíček, Tomáš  |7 jx20040721014 
910 |a BOA001  |b PK-N-0033.604 
964 |a Biologie - učebnice pro cizince - školy vysoké 
990 |a BK 
996 7 |b 3119010839  |c PK-N-0033.604  |l MZK  |r Sklad / do 1 hodiny  |n 2  |p dar  |w 000277696  |u 000010  |a 1  |e BOA001  |j MZK50  |s A